Dual Band Resistance Compression Network Using Composite Right/Left Hand Transmission Line (Record no. 233613)

MARC details
000 -LEADER
fixed length control field 00829nam a2200145Ia 4500
008 - FIXED-LENGTH DATA ELEMENTS--GENERAL INFORMATION
fixed length control field 231221s9999 xx 000 0 und d
041 ## - LANGUAGE CODE
Language code of text/sound track or separate title English
082 ## - DEWEY DECIMAL CLASSIFICATION NUMBER
Classification number CPEC15-1088
100 ## - MAIN ENTRY--PERSONAL NAME
Personal name Pryadarshni, S. Saumya Adhikari.
245 #0 - TITLE STATEMENT
Title Dual Band Resistance Compression Network Using Composite Right/Left Hand Transmission Line
260 ## - PUBLICATION, DISTRIBUTION, ETC.
Date of publication, distribution, etc. 2015
500 ## - GENERAL NOTE
General note Dual Band Resistance Compression Network Using Composite Right/Left Hand Transmission Line Pryadarshni S, Saumya Adhikari  Department of Electronics and Communication Engineering, PES Institute of Technology, BSK III Stage, Bangalore-560085, India Applied Electromagnetics Conference (AEMC), 2015 IEEE, pp. 1-2. IEEE, December 2015
650 ## - SUBJECT ADDED ENTRY--TOPICAL TERM
Topical term or geographic name entry element Dual,Band,Resistance,Compression,Network,Using,Composite,Right/Left,Hand,Transmission,Line
942 ## - ADDED ENTRY ELEMENTS (KOHA)
Koha item type Institutional repository
Holdings
Date last seen Total checkouts Full call number Accession number Price effective from Category Lost status Damaged status Department Withdrawn status Home library Current library Shelving location Entry date Grants Currency symbol Conversion rate Discount Old discount
26/01/2024   CPEC15-1088 IR1088 26/01/2024 Institutional repository     EC   Central Library Central Library Central Library   EC RS 1    

© For any Suggestions or Query, please contact the library staff @ librarian@pes.edu or Phone: +9180 2672 1983/ 2108.